00609nam a2200217 a 4500001001300000003000900013005001700022008004100039020002300080082001700103100002400120245006000144260004900204300000900253500003500262505001000297650001900307650002100326650002000347700002400367nice12345678IN_TiNIC20260116012745.0050524s1993 alba grp 000 0 eng  a0791464 c10000a891.51bSCH1 aSchimmel, Annemarie aTriumphal Sunb a Study of the Works of Jalaloddin Rumi aAlbany bState University of New York c1993 a513p aincludes index and biblioraphy2 aIndex aPersian Poetry aPoetry-Criticism aRumi-Jalaluddin1 aSchimmel, Annemarie